Подробности
| 000 -МАРКЕР |
| контрольное поле |
01799nam0a2200313 4500 |
| 001 - ИДЕНТИФИКАТОР ЗАПИСИ |
| контрольное поле |
RU\NLR\BIBL_A\011196849 |
| 005 - ИДЕНТИФИКАТОР ВЕРСИИ |
| контрольное поле |
20250625214756.0 |
| 010 ## - МЕЖДУНАРОДНЫЙ СТАНДАРТНЫЙ НОМЕР КНИГИ (ISBN) |
| Номер (ISBN) |
5-520-00479-X |
| Тираж |
3500 |
| 035 ## - ДРУГИЕ СИСТЕМНЫЕ НОМЕРА |
| Идентификатор записи |
(NLR Aleph) 011196849 |
| 100 ## - ДАННЫЕ ОБЩЕЙ ОБРАБОТКИ |
| Данные общей обработки |
20160817d1991 |||y0rusy50 ca |
| 101 0# - ЯЗЫК РЕСУРСА |
| Язык текста, звукозаписи и т.д. |
русский |
| -- |
английский |
| 102 ## - СТРАНА ПУБЛИКАЦИИ ИЛИ ПРОИЗВОДСТВА |
| Страна публикации |
Российская Федерация |
| 105 ## - ПОЛЕ КОДИРОВАННЫХ ДАННЫХ: ТЕКСТОВЫЕ МАТЕРИАЛЫ, МОНОГРАФИЧЕСКИЕ |
| Кодированные данные о монографическом текстовом документе |
b|||g|||001yy |
| 200 1# - ЗАГЛАВИЕ И СВЕДЕНИЯ ОБ ОТВЕТСТВЕННОСТИ |
| Основное заглавие |
Города и поселения Причерноморья античной эпохи |
| Сведения, относящиеся к заглавию |
(малый энциклопедический справочник) |
| Первые сведения об ответственности |
Д.Д. Качарава, Г.Т. Квирквелия |
| Последующие сведения об ответственности |
Акад. наук Грузии, Центр археол. исслед. |
| 210 ## - ПУБЛИКАЦИЯ, РАСПРОСТРАНЕНИЕ И ДР. |
| Место издания, распространения и т.д. |
Тбилиси |
| Имя издателя, распространителя и т. д. |
Мецниереба |
| Дата издания, распространения и т.д. |
1991 |
| 215 ## - ФИЗИЧЕСКАЯ ХАРАКТЕРИСТИКА |
| Специфическое обозначение материала и объем |
655 с. |
| Другие сведения о физической характеристике |
карт. |
| Размеры |
21 |
| 300 ## - ОБЩИЕ ПРИМЕЧАНИЯ |
| Текст примечания |
Часть текста парал. на рус. и англ. яз. |
| 320 ## - ПРИМЕЧАНИЯ О НАЛИЧИИ В ДОКУМЕНТЕ БИБЛИОГРАФИИ / УКАЗАТЕЛЯ |
| Текст примечания |
Библиогр.: с. 330-605, в тексте и в подстроч. примеч. |
| 320 ## - ПРИМЕЧАНИЯ О НАЛИЧИИ В ДОКУМЕНТЕ БИБЛИОГРАФИИ / УКАЗАТЕЛЯ |
| Текст примечания |
Указ. геогр. назв. и археол. пам.: с. 624-645 |
| 606 1# - НАИМЕНОВАНИЕ ТЕМЫ КАК ПРЕДМЕТ |
| Наименование темы |
Поселения |
| Формальный подзаголовок |
Справочники |
| Тематический подзаголовок |
Археологические исследования |
| Географический подзаголовок |
Причерноморье Северное |
| Хронологический подзаголовок |
Античный период |
| Системный номер авторитетной/нормативной записи |
2301714 |
| Идентификатор авторитетной/нормативной записи |
RU\NLR\AUTH\6601604459 |
| 606 1# - НАИМЕНОВАНИЕ ТЕМЫ КАК ПРЕДМЕТ |
| Наименование темы |
Города |
| Формальный подзаголовок |
Справочники |
| Тематический подзаголовок |
Археологические исследования |
| Географический подзаголовок |
Причерноморье Северное |
| Хронологический подзаголовок |
Античный период |
| Системный номер авторитетной/нормативной записи |
2468480 |
| Идентификатор авторитетной/нормативной записи |
RU\NLR\AUTH\6601683377 |
| 686 1# - ИНДЕКСЫ ДРУГИХ КЛАССИФИКАЦИЙ |
| Индекс |
Т4(2)33-423.2я2 |
| 700 #1 - ИМЯ ЛИЦА - ПЕРВИЧНАЯ ОТВЕТСТВЕННОСТЬ |
| Начальный элемент ввода |
Качарава |
| Часть имени, кроме начального элемента ввода |
Д.Д. |
| Расширение инициалов личного имени |
Дареджан Давидовна |
| 701 #1 - ИМЯ ЛИЦА - АЛЬТЕРНАТИВНАЯ ОТВЕТСТВЕННОСТЬ |
| Начальный элемент ввода |
Квирквелия |
| Часть имени, кроме начального элемента ввода |
Г.Т. |
| Расширение инициалов личного имени |
Гурам Тенгизович |
| 942 ## - ДОПОЛНИТЕЛЬНЫЕ ЭЛЕМЕНТЫ ЗАПИСИ (АБИС) |
| Тип экземпляра АБИС |
Книга |
| 980 ## - КОЛЛЕКЦИЯ |
| Название коллекции |
Национальная библиография |